Statistiques concernant Les plus grandes villes des États-Unis

Cliquez ici pour prendre le quiz!

Statistiques générales

  • Ce quiz a été pris 29 047 fois
  • Le résultat moyen est 14 sur 30

Statistiques - réponses

PopulationVille% Correct
8 622 698New York City
100%
3 999 759Los Angeles
96%
693 972Washington
90%
2 716 450Chicago
88%
884 363San Francisco
80%
685 094Boston
75%
641 676Las Vegas
73%
1 341 075Dallas
68%
724 745Seattle
68%
1 580 863Philadelphie
62%
2 312 717Houston
62%
673 104Détroit
57%
704 621Denver
55%
1 419 516San Diego
49%
1 626 078Phoenix
44%
647 805Portland
36%
1 511 946San Antonio
35%
950 715Austin
35%
863 002Indianapolis
28%
611 648Baltimore
28%
859 035Charlotte
27%
652 236Memphis
26%
1 035 317San José
23%
667 560Nashville
23%
643 648Oklahoma City
21%
892 062Jacksonville
19%
621 349Louisville
14%
683 577El Paso
14%
879 170Columbus
14%
874 168Fort Worth
9%

Distribution des résultats

Percentile par nombre de réponses

% des personnes avec chaque résultat

Votre développement - résultats

Vous n’avez pas pris ce quiz